Niederlande - Geschichte Quiz - Statistiken

Allgemein
  • Dieses Quiz wurde 35 mal gespielt
  • Das Durchschnittsergebnis liegt bei 7 aus 15
Antwortstatistiken
Hinweis Antwort % Korrekt
Frankfurter Jüdin, die 1942-1944 in Amsterdam lebte und nach ihrer Ermordung durch ihr Tagebuch berühmt wurde Anne Frank
90%
Blume, deren Preise im 17. Jh. eine "Manie" auslösten Tulpe
90%
Maler von "Sternennacht" Vincent van Gogh
84%
Währung bis 2002 Gulden
77%
Maler von "Die Nachtwache" Rembrandt
74%
Land, das im 19./20. Jh. als Niederländisch-Indien bekannt war Indonesien
65%
Feldherr, der die Niederlande 1795 eroberte und später seinen Bruder als König einsetzte Napoleon
55%
Germanisches Volk an der Nordseeküste, das die Römer während der Drusus-Feldzüge unterstützte Friesen
48%
Niederländische Königin 1890-1948 Wilhelmina
26%
Ab 1394 zur Entwässerung genutzte Bauwerke Windmühlen
26%
So viele Jahre lang dauerte der frühneuzeitliche Krieg, in dem sich die Niederlande ihre Unabhängigkeit von Spanien und dem Heiligen Römischen Reich erkämpfte 80
16%
Naturforscher, 1674 als erster Mensch Mikroorganismen sah Antoni van Leeuwenhoek
10%
Adelsgeschlecht, das im Spätmittelater über die Gebiete der heutigen Niederlande herrschte Burgund
6%
Bezeichnung des 5. Septembers, an dem eine falsche Behauptung Vorfreude auf die baldige alliierte Befreiung auslöste Dolle Dinsdag
3%
Gescheiterter Versuch der Alliierten im Zweiten Weltkrieg, den deutschen Westwall zu umgehen und nach Deutschland vorzustoßen Operation Market Garden
3%
Keine übereinstimmenden Quizze gefunden
Verteilung der Resultate
Anzahl Personen mit jedem Resultat
Perzentil nach korrekt beantworteten Fragen
Ihre Resultats-Entwicklung
Sie haben dieses Quiz noch nicht gespielt